000
00336 a2200109 4500
001
ART_49199
005
20260410162042.0
008
260409a
245
1
0
_a
Pequeños productores de tabaco, caña de azúcar, yerba mate y té
100
1
_a
Santacruz, Lidia M.
773
0
_t
Impuestos
_g
- N°52 (mayo 2019)
_w
REV45175
999
_c
35006
_d
35006